RICS housing market survey United Kingdom (Record no. 108699)
[ view plain ]
| 000 -LEADER | |
|---|---|
| fixed length control field | 01721cad a22002295a 4500 |
| 001 - CONTROL NUMBER | |
| control field | L145153 |
| 008 - FIXED-LENGTH DATA ELEMENTS--GENERAL INFORMATION | |
| fixed length control field | 091108e20080909xxkd f s 000 0 eng d |
| 035 ## - SYSTEM CONTROL NUMBER | |
| System control number | (Sirsi) u145153 |
| 041 0# - LANGUAGE CODE | |
| Language code of text/sound track or separate title | eng |
| 050 04 - LIBRARY OF CONGRESS CALL NUMBER | |
| Classification number | 333.33 $2 18 |
| 110 2# - MAIN ENTRY--CORPORATE NAME | |
| Corporate name or jurisdiction name as entry element | Royal Institution of Chartered Surveyors |
| 9 (RLIN) | 4900 |
| 245 00 - TITLE STATEMENT | |
| Title | RICS housing market survey United Kingdom |
| Remainder of title | August 2008 |
| Medium | [electronic resource] |
| 260 ## - PUBLICATION, DISTRIBUTION, ETC. | |
| Place of publication, distribution, etc. | London |
| Name of publisher, distributor, etc. | RICS |
| Date of publication, distribution, etc. | 2008 |
| 490 ## - SERIES STATEMENT | |
| Series statement | RICS Housing Market Survey United Kingdom |
| Volume/sequential designation | August 2008 |
| 520 ## - SUMMARY, ETC. | |
| Summary, etc. | Survey reports a slight rise in the RICS house price balance for the fourth consecutive month. 81% more Chartered Surveyors reported a fall than a rise in house prices, a decrease from 83.1% in July. Difficulties obtaining credit continue to be reflected in the numbers of transactions collapsing. The average number of transactions per surveyor (over the last three months) fell to 12.7 from last month's figure of 14.4, setting a new low for activity since this survey began. Some chartered surveyor estate agents are now reporting average sales of less than one property per week. Improved expectations for sales reflected in the last survey failed to transpire in August, a month where property sales are typically low. Repossessions figures remain below those seen in the 1990s and the key theme mentioned in relation to the decline of housing market activity is a general lack of liquidity. |
| 590 ## - LOCAL NOTE (RLIN) | |
| Local note | KA |
| 650 24 - SUBJECT ADDED ENTRY--TOPICAL TERM | |
| Topical term or geographic name entry element | RICS HOUSING MARKET SURVEY UNITED KINGDOM |
| 651 #4 - SUBJECT ADDED ENTRY--GEOGRAPHIC NAME | |
| Geographic name | United Kingdom |
| Chronological subdivision | |
| 690 ## - LOCAL SUBJECT ADDED ENTRY--TOPICAL TERM (OCLC, RLIN) | |
| Topical term or geographic name as entry element | PROPERTY-RESIDENTIAL PROPERTY-RESIDENTIAL PROPERTY MARKET |
| 856 40 - ELECTRONIC LOCATION AND ACCESS | |
| Uniform Resource Identifier | <a href="https://www.rics.org/site/scripts/download_info.aspx?downloadID=24">https://www.rics.org/site/scripts/download_info.aspx?downloadID=24</a> |
| Public note | View the item free of charge at www.rics.org... |
| 942 ## - ADDED ENTRY ELEMENTS (KOHA) | |
| Suppress in OPAC | 0 |
| Withdrawn status | Lost status | Source of classification or shelving scheme | Damaged status | Not for loan | Home library | Current library | Shelving location | Date acquired | Total Checkouts | Full call number | Barcode | Date last seen | Copy number | Price effective from | Koha item type |
|---|---|---|---|---|---|---|---|---|---|---|---|---|---|---|---|
| Dewey Decimal Classification | Virtual | Virtual | Online | 11/09/2008 | ONLINE PUBLICATION | 145153-1001 | 06/08/2019 | 1 | 06/08/2019 | Book |